| 000 | 00577 a2200181 4500 | ||
|---|---|---|---|
| 999 |
_c29819 _d29819 |
||
| 003 | NUST | ||
| 005 | 20180118123151.0 | ||
| 008 | 180118b xxu||||| |||| 00| 0 eng d | ||
| 020 | _a3540714863 | ||
| 020 | _a9783540714866 | ||
| 082 | _a530.415 | ||
| 100 | 1 |
_aMehrer, Helmut. _98726 |
|
| 245 | 1 | 0 |
_aDiffusion in solids : _bfundamentals, methods, materials, diffusion-controlled processes / _cHelmut Mehrer. |
| 260 |
_a[S.l.] : _bSpringer, _c2007. |
||
| 300 |
_a654 p. ; _c24 cm. |
||
| 490 | 1 | _aSpringer series in solid-state sciences. | |
| 700 |
_aMehrer, Helmut. _98726 |
||
| 830 | 0 |
_aSpringer series in solid-state sciences. _98727 |
|
| 942 |
_aSNS _cBK _k530.415 MEH _2ddc |
||